Introducution to the theory of statistics (Record no. 22423)
[ view plain ]
| 000 -LEADER | |
|---|---|
| fixed length control field | 00342nam a2200145Ia 4500 |
| 082 ## - DEWEY DECIMAL CLASSIFICATION NUMBER | |
| Classification number | 519 |
| Item number | MOO/GRA |
| 100 ## - MAIN ENTRY--PERSONAL NAME | |
| Personal name | Mood A.M;Graybill F.A&Boes D.C |
| 245 ## - TITLE STATEMENT | |
| Title | Introducution to the theory of statistics |
| 260 ## - PUBLICATION, DISTRIBUTION, ETC. | |
| Name of publisher, distributor, etc. | McGraw Hill |
| Place of publication, distribution, etc. | Auckland |
| Date of publication, distribution, etc. | 1974 |
| 300 ## - PHYSICAL DESCRIPTION | |
| Extent | 564 |
| 546 ## - LANGUAGE NOTE | |
| Language note | ENGLISH |
| 654 ## - SUBJECT ADDED ENTRY--FACETED TOPICAL TERMS | |
| Focus term | Statistics |
| 942 ## - ADDED ENTRY ELEMENTS (KOHA) | |
| Koha item type | Reference Book |
| Withdrawn status | Lost status | Damaged status | Not for loan | Collection | Home library | Current library | Shelving location | Date acquired | Source of acquisition | Cost, normal purchase price | Inventory number | Total Checkouts | Full call number | Barcode | Date last seen | Cost, replacement price | Price effective from | Koha item type |
|---|---|---|---|---|---|---|---|---|---|---|---|---|---|---|---|---|---|---|
| CRC | Fr. Agnel's C.Rodrigues College of Engineering | Fr. Agnel's C.Rodrigues College of Engineering | 17/03/2023 | Provina Books | 137.25 | 84 dt 7.08.90 | 519 MOO/GRA | 2956 | 17/03/2023 | 137.25 | 07/08/1990 | Reference Book |